<?xml version="1.0" encoding="UTF-8"?>
<record
    xmlns:xsi="http://www.w3.org/2001/XMLSchema-instance"
    xsi:schemaLocation="http://www.loc.gov/MARC21/slim http://www.loc.gov/standards/marcxml/schema/MARC21slim.xsd"
    xmlns="http://www.loc.gov/MARC21/slim">

  <leader>01163nam a2200289 a 4500</leader>
  <controlfield tag="001">BRL_301</controlfield>
  <controlfield tag="005">20190320210657.0</controlfield>
  <controlfield tag="008">230713s2006----fi-oa#####---#000-0#fin-#</controlfield>
  <datafield tag="020" ind1=" " ind2=" ">
    <subfield code="a">9529878516</subfield>
  </datafield>
  <datafield tag="050" ind1=" " ind2="4">
    <subfield code="a">NK844</subfield>
    <subfield code="b">.R98 2006</subfield>
  </datafield>
  <datafield tag="245" ind1="1" ind2="0">
    <subfield code="a">Ruth D. Lechuga-kokoelma / Franz Mayer-kokoelma</subfield>
    <subfield code="b">Meksikon Kahdet Kasvot.</subfield>
  </datafield>
  <datafield tag="260" ind1=" " ind2=" ">
    <subfield code="a">Helsinki, Finlandia</subfield>
    <subfield code="b">Museum of Art and Design</subfield>
    <subfield code="c">2006</subfield>
  </datafield>
  <datafield tag="300" ind1=" " ind2=" ">
    <subfield code="a">1 v. (en varias paginaciones)</subfield>
    <subfield code="b">il. a color</subfield>
    <subfield code="c">20 cm.</subfield>
  </datafield>
  <datafield tag="500" ind1=" " ind2=" ">
    <subfield code="a">Cat&#xE1;logo de la exposici&#xF3;n realizada en el Museum of Art and Design (Helsinki, Filandia), 26 septiembre, 2006&#x2013;14 enero, 2007</subfield>
  </datafield>
  <datafield tag="500" ind1=" " ind2=" ">
    <subfield code="a">La biblioteca cuenta con 3 ejemplares</subfield>
  </datafield>
  <datafield tag="500" ind1=" " ind2=" ">
    <subfield code="a">Ejemplares integrados de manera p&#xF3;stuma a la colecci&#xF3;n Ruth D. Lechuga</subfield>
  </datafield>
  <datafield tag="500" ind1=" " ind2=" ">
    <subfield code="a">Ej.1 Au2256, Ej.2 Au2257, Ej.3 Au203</subfield>
  </datafield>
  <datafield tag="546" ind1=" " ind2=" ">
    <subfield code="a">Texto en : finland&#xE9;s</subfield>
  </datafield>
  <datafield tag="600" ind1="1" ind2="4">
    <subfield code="a">Lechuga, Ruth D</subfield>
    <subfield code="d">1920-2004</subfield>
    <subfield code="x">Colecciones de arte</subfield>
    <subfield code="9">2457</subfield>
  </datafield>
  <datafield tag="600" ind1="1" ind2="4">
    <subfield code="a">Mayer, Franz</subfield>
    <subfield code="d">1882-1975</subfield>
    <subfield code="x">Colecciones de arte</subfield>
    <subfield code="9">8327</subfield>
  </datafield>
  <datafield tag="650" ind1="1" ind2="4">
    <subfield code="a">Arte popular mexicano</subfield>
    <subfield code="9">8328</subfield>
  </datafield>
  <datafield tag="650" ind1="1" ind2="4">
    <subfield code="a">Artes decorativas</subfield>
    <subfield code="z">M&#xE9;xico</subfield>
    <subfield code="9">3532</subfield>
  </datafield>
  <datafield tag="740" ind1="0" ind2=" ">
    <subfield code="a">Two Faces of Mexico</subfield>
  </datafield>
  <datafield tag="740" ind1="0" ind2=" ">
    <subfield code="a">Franz Mayer-kokoelma</subfield>
  </datafield>
  <datafield tag="902" ind1=" " ind2=" ">
    <subfield code="a">GRL</subfield>
  </datafield>
  <datafield tag="942" ind1=" " ind2=" ">
    <subfield code="2">lcc</subfield>
    <subfield code="c">B</subfield>
  </datafield>
  <datafield tag="999" ind1=" " ind2=" ">
    <subfield code="c">9114</subfield>
    <subfield code="d">9114</subfield>
  </datafield>
  <datafield tag="952" ind1=" " ind2=" ">
    <subfield code="0">0</subfield>
    <subfield code="1">0</subfield>
    <subfield code="4">0</subfield>
    <subfield code="7">0</subfield>
    <subfield code="a">BRL</subfield>
    <subfield code="b">BRL</subfield>
    <subfield code="d">2013-07-23</subfield>
    <subfield code="l">0</subfield>
    <subfield code="o">NK844 .R98 2006</subfield>
    <subfield code="p">GRL02153</subfield>
    <subfield code="r">2019-03-22 00:00:00</subfield>
    <subfield code="w">2019-03-22</subfield>
    <subfield code="y">B</subfield>
  </datafield>
  <datafield tag="952" ind1=" " ind2=" ">
    <subfield code="0">0</subfield>
    <subfield code="1">0</subfield>
    <subfield code="4">0</subfield>
    <subfield code="7">0</subfield>
    <subfield code="a">BRL</subfield>
    <subfield code="b">BRL</subfield>
    <subfield code="d">2016-01-21</subfield>
    <subfield code="l">0</subfield>
    <subfield code="o">NK844 .R98 2006</subfield>
    <subfield code="p">GRL02154</subfield>
    <subfield code="r">2019-03-22 00:00:00</subfield>
    <subfield code="w">2019-03-22</subfield>
    <subfield code="y">B</subfield>
  </datafield>
  <datafield tag="952" ind1=" " ind2=" ">
    <subfield code="0">0</subfield>
    <subfield code="1">0</subfield>
    <subfield code="4">0</subfield>
    <subfield code="7">0</subfield>
    <subfield code="a">BRL</subfield>
    <subfield code="b">BRL</subfield>
    <subfield code="d">2016-02-16</subfield>
    <subfield code="l">0</subfield>
    <subfield code="o">NK844 .R98 2006</subfield>
    <subfield code="p">GRL02160</subfield>
    <subfield code="r">2019-03-22 00:00:00</subfield>
    <subfield code="w">2019-03-22</subfield>
    <subfield code="y">B</subfield>
  </datafield>
</record>
